000 00322nam a2200133 i 4500
001 bg
100 1 _aWIECHEĆ, Krzysztof
245 0 _aLaboratorium silników spalinowych /
_cKrzysztof Wiecheć.
260 _aOpole,
_c1980.
040 _cBPK
041 _apol
942 _cKS
008 s pl f |000 0 pol
999 _c20569
_d20569
856 _uhttp://koha.tu.koszalin.pl/cgi-bin/koha/opac-detail.pl?biblionumber=20569
_yKatalog online BPK